Monsieur et Madame ont une fille - Série 01 - Statistiques

Statistiques générales
  • Ce quiz a été pris 34 fois
  • Le résultat moyen est 3 sur 15
Statistiques - réponses
Nom Prénom % Correct
Versaire Annie
80%
Nihoui Ninon
43%
Nace Anna
37%
Rikovair Léa
20%
Diotte Kelly
17%
Dubol Ella
13%
Ultou Jeanne
10%
Air Axelle
7%
Chaite Barbie
7%
Zion Eva
7%
Pafromage Lara
7%
Yste Fleur
3%
Golé Hillary
3%
Lebocou Sarah
3%
Keurien Iris
0%
Aucun quiz correspondant
Distribution des résultats
% des personnes avec chaque résultat
Percentile par nombre de réponses
Votre historique - résultats
Vous n’avez pas pris ce quiz